[Event "7th CHN-RUS"]
[Site "Ningbo CHN"]
[Date "2010.08.07"]
[Round "3"]
[White "Potkin,V"]
[Black "Zhou Jianchao"]
[Result "1-0"]
[WhiteElo "2626"]
[BlackElo "2668"]

1.d4 Nf6 2.c4 g6 3.Nc3 d5 4.cxd5 Nxd5 5.e4 Nxc3 6.bxc3 Bg7 7.Nf3 c5 8.Be3 Qa5
9.Qd2 O-O 10.Rc1 Rd8 11.d5 e6 12.Bg5 f6 13.Bf4 exd5 14.exd5 Bf5 15.Be2 Be4
16.d6 Nd7 17.h4 h5 18.O-O Qa4 19.Rfe1 Kh7 20.Bb5 Qxb5 21.Rxe4 Nb6 22.Re7 Rd7
23.Rce1 Nc8 24.Re8 Nb6 25.R8e7 Nc8 26.R7e6 Qa4 27.Be5 Rf7 28.Qd3  1-0

[Event "GM3 Proclient Cup"]
[Site "Olomouc CZE"]
[Date "2010.08.07"]
[Round "4"]
[White "Batchuluun,T"]
[Black "Petr,Ma"]
[Result "1/2-1/2"]
[WhiteElo "2388"]
[BlackElo "2511"]

1.d4 Nf6 2.c4 g6 3.Nc3 d5 4.cxd5 Nxd5 5.e4 Nxc3 6.bxc3 Bg7 7.Be3 c5 8.Qd2 O-O
9.Rc1 Qa5 10.Nf3 Rd8 11.d5 e6 12.Be2 exd5 13.exd5 Nc6 14.O-O Bg4 15.Rfd1 Bxf3
16.Bxf3 Ne5 17.c4 Nxf3+ 18.gxf3 Qxd2 19.Rxd2 b6 20.a4 Be5 21.a5 Kg7 22.Ra2 Kf6
23.Rb1 Bc7 24.h3 Kf5 25.Rb3 Rdc8 26.Kf1 f6 27.Ke2 g5 28.Kd3 Bd8 29.Bd2 Bc7
30.Be3 h5 31.Rba3 Rab8 32.axb6 axb6 33.Ra6 b5 34.cxb5 Rxb5 35.Rc6 Rd8 36.Rxc5 Rxd5+
37.Rxd5+ Rxd5+ 38.Ke2 Rb5 39.Kf1 Rb2 40.Bc5 h4 41.Bb6 Ke6 42.Be3 Ke5  1/2-1/2

[Event "111th US Open"]
[Site "Irvine USA"]
[Date "2010.08.08"]
[Round "9"]
[White "Bercys,S"]
[Black "Khachiyan,M"]
[Result "1/2-1/2"]
[WhiteElo "2418"]
[BlackElo "2522"]

1.d4 Nf6 2.c4 g6 3.Nc3 d5 4.cxd5 Nxd5 5.e4 Nxc3 6.bxc3 Bg7 7.Bg5 c5 8.Rc1 h6
9.Be3 Qa5 10.Qd2 cxd4 11.cxd4 Qxd2+ 12.Bxd2 O-O 13.Nf3 e6 14.Bb5 Bd7 15.Bxd7 Nxd7
16.Rc7 Nf6 17.e5 Nd5 18.Rxb7 Rfb8 19.Rxb8+ Rxb8 20.O-O Rb2 21.Ra1 g5 22.h3 f6  1/2-1/2

[Event "GM1 Valoz Cup"]
[Site "Olomouc CZE"]
[Date "2010.08.08"]
[Round "5"]
[White "Tuvshintugs,B"]
[Black "Akesson,R"]
[Result "1-0"]
[WhiteElo "2321"]
[BlackElo "2470"]

1.d4 Nf6 2.c4 g6 3.Nc3 d5 4.cxd5 Nxd5 5.e4 Nxc3 6.bxc3 Bg7 7.Bg5 c5 8.Rc1 Qa5
9.Qd2 h6 10.Be3 e6 11.Nf3 Nd7 12.Bd3 b6 13.O-O Bb7 14.Rfe1 Nf6 15.Ne5 Rd8
16.Nc4 Qa4 17.e5 Qc6 18.f3 Nd5 19.Nd6+ Rxd6 20.exd6 Nxe3 21.Qxe3 cxd4 22.cxd4 Qxd6
23.Bb5+ Ke7 24.Rcd1 Rd8 25.d5 Bxd5 26.Bc4 Kf8 27.Kh1 Kg8 28.Bb3 h5 29.Rd3 Rc8
30.Red1 Rc5 31.Qd2 Qc7 32.Bxd5 Rc2 33.Qg5 exd5 34.Qxd5 Bf6 35.R3d2 Rc4 36.Qd6 Qxd6
37.Rxd6 Kg7 38.g3 b5 39.Rd7 Ra4 40.Rb7 Rxa2 41.Rdd7 g5 42.Rxf7+ Kg6 43.Rfd7 Ra1+
44.Kg2 Ra2+ 45.Kg1 Ra1+ 46.Kf2 Ra2+ 47.Ke3 Rxh2 48.Rxa7 Rc2 49.Ra6 Rc5 50.f4 Rc3+
51.Kd2 Rc5 52.Rdd6 Rf5 53.Ke3 b4 54.Ke4 b3 55.Rab6 b2 56.Rxb2 h4 57.fxg5 Rxg5
58.gxh4 Rg4+ 59.Kf3 Ra4 60.h5+ Kf5 61.Rb5+ Be5 62.Rdd5 Ra3+ 63.Ke2 Ra2+ 64.Kd3 Ra3+
65.Kc4  1-0

[Event "GM1 Valoz Cup"]
[Site "Olomouc CZE"]
[Date "2010.08.09"]
[Round "6"]
[White "Akesson,R"]
[Black "Plat,V"]
[Result "1/2-1/2"]
[WhiteElo "2470"]
[BlackElo "2405"]

1.d4 Nf6 2.c4 g6 3.Nc3 d5 4.cxd5 Nxd5 5.e4 Nxc3 6.bxc3 Bg7 7.Bc4 O-O 8.Ne2 c5
9.O-O Nc6 10.Be3 cxd4 11.cxd4 b6 12.Rc1 Bb7 13.d5 Na5 14.Bb5 Qd6 15.Qa4 e6
16.Bf4 Be5 17.Bxe5 Qxe5 18.f4 Qd6 19.dxe6 Qxe6 20.Ng3 Rad8 21.Rf2 a6 22.Bf1 Nc6
23.Qa3 b5 24.Qc5 Nd4 25.f5 Qd6 26.Qxd6 Rxd6 27.Rc7 Ba8 28.e5 Rdd8 29.Ra7 Nc6
30.Rxa6 Nxe5 31.Bxb5 Ng4 32.Re2 Nh6 33.h3 Nxf5 34.Nxf5 gxf5 35.Rf2 Be4 36.a4 Rd5
37.Ra7 Rfd8 38.Bc4 Rd1+ 39.Kh2 Bd5 40.Bf1 Be4 41.a5 Rc1 42.a6 Rdd1 43.Bb5 Rh1+
44.Kg3 Rc3+ 45.Kh4 Ra3 46.Rc7 Rha1 47.Bc4 Rxa6 48.Bxa6 Rxa6 49.Kg3 Rg6+ 50.Kh2 h5
51.Rc4 Kg7 52.Rb4 Kg8 53.Rbb2 Kg7 54.Rf4 Ra6 55.Rff2 Ra3 56.Ra2 Rc3 57.Ra7 h4
58.Rfa2 Rg3 59.R7a3 Bd5 60.Rd2 Rxa3 61.Rxd5 Kg6 62.Rd8 Ra6 63.Rg8+ Kf6 64.Rh8 Kg5
65.Rg8+ Rg6 66.Rf8 f6 67.Ra8 f4 68.Kg1 f3 69.gxf3 Kf4+ 70.Kf2 Rg3 71.Ra4+ Kg5
72.Rg4+ Rxg4 73.hxg4 Kf4 74.Kg2 h3+ 75.Kxh3 Kxf3 76.Kh4 Kg2 77.g5 fxg5+ 78.Kxg5  1/2-1/2

[Event "Troya Open"]
[Site "Canakkale TUR"]
[Date "2010.08.10"]
[Round "4"]
[White "Miyak,B"]
[Black "Citak,S"]
[Result "0-1"]
[WhiteElo "2173"]
[BlackElo "2340"]

1.d4 Nf6 2.c4 g6 3.Nc3 d5 4.cxd5 Nxd5 5.e4 Nxc3 6.bxc3 Bg7 7.Nf3 c5 8.Rb1 O-O
9.Be2 Nc6 10.d5 Ne5 11.Nxe5 Bxe5 12.Qd2 e6 13.O-O exd5 14.exd5 b6 15.f4 Bg7
16.c4 Bf5 17.Bd3 Bd4+ 18.Kh1 Qf6 19.Bxf5 Qxf5 20.Bb2 Bxb2 21.Rxb2 Rfe8 22.Qc3 Re4
23.Rbf2 Rae8 24.Qc2 Rxf4 25.Qxf5 Rxf5 26.Rxf5 gxf5 27.g3 Re4 28.Rc1 f4 29.Kg2 fxg3
30.hxg3 Re2+ 31.Kf3 Rxa2 32.Re1 Kf8 33.Ke4 Ke7 34.Ke5 Kd7 35.Kf6 Rf2+ 36.Kg7 Rf3
37.Kf8 Rxg3 38.Re7+ Kd6 39.Rxf7 Rg4 40.Rf6+ Kd7 41.Rf7+ Kd8 42.Rxa7 Rxc4
43.Kf7 Re4 44.Kf6 h5 45.Rb7 h4 46.Rxb6 h3 47.Rb8+ Kc7 48.Rh8 Re3 49.Kf5 Kd6
50.Rd8+ Kc7 51.Rh8 c4 52.Kf4 Rd3 53.Ke4 Kd6 54.Rh6+ Kc5 55.Rc6+ Kb4 56.Rh6 Kc3
57.d6 Kd2 58.d7 Rxd7 59.Rxh3 c3 60.Rh2+ Kc1 61.Ke3 c2 62.Rh8 Rb7 63.Kd3 Kb1
64.Kd4  0-1

[Event "49th WJun"]
[Site "Chotowa POL"]
[Date "2010.08.10"]
[Round "7"]
[White "Salem,AR"]
[Black "Dragun,K"]
[Result "1-0"]
[WhiteElo "2469"]
[BlackElo "2379"]

1.d4 Nf6 2.c4 g6 3.Nc3 d5 4.cxd5 Nxd5 5.e4 Nxc3 6.bxc3 Bg7 7.Nf3 c5 8.Be3 Qa5
9.Qd2 cxd4 10.cxd4 Qxd2+ 11.Nxd2 Nc6 12.Nb3 Nb8 13.Nd2 Nc6 14.Nb3 O-O 15.Rc1 Rd8
16.d5 Ne5 17.f4 Ng4 18.Bc5 e5 19.Be7 Re8 20.d6 Bf8 21.Bxf8 Kxf8 22.Bb5 Rd8
23.h3 Ne3 24.fxe5 a6 25.Bf1 Re8 26.Rc7 Be6 27.Kd2 Nxf1+ 28.Rxf1 b5 29.Nd4 Bxa2
30.d7  1-0

[Event "GM3 Proclient Cup"]
[Site "Olomouc CZE"]
[Date "2010.08.11"]
[Round "8"]
[White "Batchuluun,T"]
[Black "Rosko,L"]
[Result "1-0"]
[WhiteElo "2388"]
[BlackElo "2351"]

1.d4 Nf6 2.c4 g6 3.Nc3 d5 4.cxd5 Nxd5 5.e4 Nxc3 6.bxc3 Bg7 7.Bg5 c5 8.Rc1 O-O
9.Nf3 cxd4 10.cxd4 Bg4 11.d5 h6 12.Be3 Bxf3 13.gxf3 Nd7 14.Qd2 Kh7 15.f4 Nf6
16.Bg2 Ng4 17.Bc5 b6 18.Ba3 Rc8 19.O-O Qd7 20.Bf3 h5 21.h3 Nf6 22.Kg2 Rfd8
23.Rxc8 Rxc8 24.e5 Ng8 25.Qd3 Qa4 26.Rc1 Rxc1 27.Bxc1 Qxa2 28.d6 exd6 29.exd6 Bf6
30.Bd5 Qa5 31.Bxf7 Qf5 32.Qc4 Nh6 33.Bd5 Bd8 34.Bb2 Qf8 35.Qc6 Nf5 36.Be5 a5
37.Qd7+ Kh6 38.Bf7 Nh4+ 39.Kg3 Nf5+ 40.Kh2 Nh4 41.Kg3 b5 42.Be6 Nf5+ 43.Kf3 b4
44.Ke2 a4 45.Bxf5 gxf5 46.Qxa4 Qf7 47.Qxb4 Qd5 48.Qd4 Qg2 49.Qc4 Qb7 50.Qe6+  1-0

[Event "Twente Young Masters"]
[Site "Enschede NED"]
[Date "2010.08.12"]
[Round "6"]
[White "Zherebukh,Y"]
[Black "Popilski,G"]
[Result "1-0"]
[WhiteElo "2572"]
[BlackElo "2451"]

1.d4 Nf6 2.c4 g6 3.Nc3 d5 4.cxd5 Nxd5 5.e4 Nxc3 6.bxc3 Bg7 7.Bc4 c5 8.Ne2 O-O
9.O-O Nc6 10.Be3 Na5 11.Bb5 cxd4 12.cxd4 e6 13.Qd2 b6 14.Bg5 f6 15.Bh6 Bb7
16.Bxg7 Kxg7 17.d5 a6 18.Nd4 Bc8 19.Be2 e5 20.Nb3 Nxb3 21.axb3 Qd6 22.Rfc1 Bb7
23.Rc3 f5 24.Rh3 f4 25.Rc3 h5 26.Rac1 Rac8 27.Rxc8 Rxc8 28.Rxc8 Bxc8 29.Qc3 Bb7
30.g3 fxg3 31.hxg3 Kh7 32.b4 Kh6 33.Kg2 Kh7 34.Kf1 Kh6 35.Bd1 Kh7 36.Ba4 Kg8
37.Bb3 Kh7 38.Kg1 Kg8 39.f4 exf4 40.e5 Qd8 41.d6+ Kh7 42.Qc4  1-0

[Event "e2e4 Autumn Masters A"]
[Site "Uxbridge ENG"]
[Date "2010.08.13"]
[Round "5"]
[White "Sowray,P"]
[Black "Sen,S"]
[Result "0-1"]
[WhiteElo "2383"]
[BlackElo "2159"]

1.d4 Nf6 2.c4 g6 3.Nc3 d5 4.cxd5 Nxd5 5.e4 Nxc3 6.bxc3 Bg7 7.Qa4+ Nd7 8.Be3 O-O
9.Rd1 c5 10.Bd3 Qc7 11.Ne2 b6 12.O-O Bb7 13.h3 Kh8 14.Ng3 e6 15.Rfe1 f5 16.exf5 exf5
17.Bg5 cxd4 18.cxd4 Nf6 19.Ba6 Bxa6 20.Qxa6 Nd5 21.Bd2 Qd7 22.a4 Rae8 23.Qb5 Qxb5
24.axb5 Rxe1+ 25.Bxe1 Nc7 26.d5 Nxb5 27.d6 Rd8 28.d7 Kg8 29.Ne2 Kf7 30.Nf4 Nd4
31.Kf1 Rxd7 32.Bc3 Ke8 33.Re1+ Kf7 34.Rd1 Ke8 35.Re1+ Kd8 36.Rd1 Kc8 37.g3 a6
38.h4 a5 39.h5 g5 40.Nd3 Nc6 41.Bxg7 Rxg7 42.f4 gxf4 43.Nxf4 Rxg3 44.Nd5 b5
45.Rc1 Kb7 46.Rc5 Rb3  0-1

[Event "28th WJun Girls"]
[Site "Chotowa POL"]
[Date "2010.08.14"]
[Round "11"]
[White "Adamowicz,K"]
[Black "Kulon,K"]
[Result "1/2-1/2"]
[WhiteElo "2123"]
[BlackElo "2230"]

1.d4 Nf6 2.c4 g6 3.Nc3 d5 4.cxd5 Nxd5 5.e4 Nxc3 6.bxc3 Bg7 7.Nf3 c5 8.e5 Nc6
9.Be2 Bg4 10.Be3 Qa5 11.O-O O-O 12.Qb3 Rab8 13.h3 cxd4 14.cxd4 Be6 15.Bc4 Bxc4
16.Qxc4 e6 17.Rab1 Rfc8 18.Rb5 Qc7 19.Qa4 a6 20.Rbb1 Bf8 21.Rfc1 b5 22.Qd1 Qd7
23.Ng5 Be7 24.Ne4 Rd8 25.Qe1 Rbc8 26.Rd1 Qd5 27.f3 Qxa2 28.Ra1 Qb3 29.Kh2 Nb4
30.Bg5 Bxg5 31.Nxg5 Nd5 32.Qh4 h5 33.Ne4 Qe3 34.Rxa6 Qf4+ 35.Qxf4 Nxf4 36.Rd2 Ra8
37.Rxa8 Rxa8 38.g3 Nd5 39.h4 b4 40.Rb2 Ra3 41.Kg2 Kf8 42.Nc5 Rc3 43.Rb3 Rc4
44.Rd3 Ke8 45.Kf2 Kd8 46.Ke2 Kc7 47.Kd2 Ne7 48.Ne4 Kb6 49.Nd6 Rc6 50.Nxf7 Kb5
51.Nd6+ Ka4 52.Ne4 Nd5 53.Nc5+ Kb5 54.Kc2 Kc4 55.Nb7 b3+ 56.Rxb3  1/2-1/2

[Event "85th ch-FRA"]
[Site "Belfort FRA"]
[Date "2010.08.16"]
[Round "7"]
[White "Dorfman,I"]
[Black "Edouard,R"]
[Result "1/2-1/2"]
[WhiteElo "2583"]
[BlackElo "2620"]

1.d4 Nf6 2.c4 g6 3.Nc3 d5 4.cxd5 Nxd5 5.e4 Nxc3 6.bxc3 Bg7 7.Bb5+ c6 8.Ba4 O-O
9.Ne2 b5 10.Bb3 Bb7 11.O-O c5 12.d5 Nd7 13.Rb1 Nb6 14.Be3 Qc7 15.a4 bxa4
16.Bxa4 Rfd8 17.Rb5 Qe5 18.Bc2 e6 19.f4 Qh5 20.Rxc5 exd5 21.e5 Bf8 22.Rc7 Ba6
23.Rf3 d4 24.Bxd4 Nd5 25.Ng3 Qh4 26.Ne4 Nxc7 27.Rh3 Qxh3 28.gxh3 Ne6 29.f5 Nxd4
30.cxd4 Bg7  1/2-1/2

[Event "49th WJun"]
[Site "Chotowa POL"]
[Date "2010.08.16"]
[Round "13"]
[White "Matlakov,M"]
[Black "Negi,P"]
[Result "1/2-1/2"]
[WhiteElo "2603"]
[BlackElo "2615"]

1.d4 Nf6 2.c4 g6 3.Nc3 d5 4.cxd5 Nxd5 5.e4 Nxc3 6.bxc3 Bg7 7.Be3 c5 8.Nf3 Qa5
9.Qd2 Nc6 10.Rb1 a6 11.Rc1 f5 12.Bd3 cxd4 13.Nxd4 Ne5 14.O-O O-O 15.Bc2 fxe4
16.Bxe4 Nc4 17.Qc2 Nxe3 18.fxe3 Qe5 19.Kh1 Kh8 20.Rxf8+ Bxf8 21.c4 Rb8 22.c5 Bd7
23.Nf3 Qf6 24.Rb1 Bh6 25.h3 Rc8 26.Rxb7 Bb5 27.c6 Bxc6 28.Rb6 Bb7 29.Rxf6 Rxc2
30.Re6 Bxe4 31.Rxe4 Rxa2 32.Rxe7 a5 33.Ne5 a4 34.Nf7+ Kg7 35.Nxh6+ Kxh6 36.Ra7 Re2
37.Rxa4  1/2-1/2

[Event "Pan-Armenian Olym"]
[Site "Yerevan ARM"]
[Date "2010.08.17"]
[Round "3"]
[White "Gabrielian,A"]
[Black "Giroyan,G"]
[Result "1-0"]
[WhiteElo "2559"]
[BlackElo "2225"]

1.d4 Nf6 2.c4 g6 3.Nc3 d5 4.cxd5 Nxd5 5.e4 Nxc3 6.bxc3 Bg7 7.Bc4 c5 8.Ne2 O-O
9.O-O Nc6 10.Be3 Bd7 11.Rb1 Qc7 12.Bd3 cxd4 13.cxd4 Rfd8 14.Qc2 Be6 15.Bf4  1-0

[Event "ch-FRA NatB"]
[Site "Belfort FRA"]
[Date "2010.08.18"]
[Round "9"]
[White "Vaisser,A"]
[Black "Lagarde,Max"]
[Result "1-0"]
[WhiteElo "2515"]
[BlackElo "2414"]

1.d4 Nf6 2.c4 g6 3.Nc3 d5 4.cxd5 Nxd5 5.e4 Nxc3 6.bxc3 Bg7 7.Bb5+ c6 8.Ba4 O-O
9.Ne2 c5 10.O-O Nc6 11.d5 Na5 12.Bg5 b6 13.Qd3 Bd7 14.Bxd7 Qxd7 15.f4 e6
16.f5 exf5 17.exf5 Rfe8 18.Ng3 Nb7 19.f6 Bf8 20.Bf4 c4 21.Qxc4 Rac8 22.Qd3 Rc5
23.Rad1 Rd8 24.c4 b5 25.cxb5 Rxb5 26.Rfe1 Rxd5 27.Qxd5 Qxd5 28.Rxd5 Rxd5
29.Re7 Nd8 30.Ne4 Ne6 31.Bd6 h6 32.Re8 Rd4 33.Bxf8 Nxf8 34.Kf2 Ra4 35.Ke3 Rxa2
36.Nc5 Ra1 37.Ke2 Ra2+ 38.Kd3 Ra1 39.Kc2 Ra2+ 40.Kc3 Rxg2 41.Nd7 Rxh2 42.Rxf8+ Kh7
43.Rxf7+  1-0

[Event "46th Akiba Rubinstein Open A"]
[Site "Polanica Zdroj POL"]
[Date "2010.08.19"]
[Round "1"]
[White "Kacprzak,R"]
[Black "Chlost,M"]
[Result "1-0"]
[WhiteElo "1923"]
[BlackElo "2163"]

1.d4 Nf6 2.c4 g6 3.Nc3 d5 4.cxd5 Nxd5 5.e4 Nxc3 6.bxc3 Bg7 7.Bc4 O-O 8.Ne2 c5
9.Be3 Nc6 10.O-O Qc7 11.Rc1 Rd8 12.Qa4 Bd7 13.Qa3 Na5 14.Bd3 b5 15.d5 Nb7
16.c4 b4 17.Qb3 a5 18.f4 a4 19.Qb1 Nd6 20.Ng3 f6 21.e5 fxe5 22.fxe5 Nb7 23.e6 Be8
24.Ne4 b3 25.axb3 a3 26.Rc2 Ra6 27.Rcf2 Rda8 28.Rf8+ Bxf8 29.Rxf8+ Kxf8 30.Bh6+  1-0

[Event "ch-FRA NatB"]
[Site "Belfort FRA"]
[Date "2010.08.20"]
[Round "11"]
[White "Benitah,Y"]
[Black "Lagarde,Max"]
[Result "1/2-1/2"]
[WhiteElo "2382"]
[BlackElo "2414"]

1.d4 Nf6 2.c4 g6 3.Nc3 d5 4.cxd5 Nxd5 5.e4 Nxc3 6.bxc3 Bg7 7.Bc4 c5 8.Ne2 O-O
9.O-O Nc6 10.Be3 Qc7 11.Rc1 Rd8 12.Bf4 Be5 13.Bg3 Bxg3 14.fxg3 e6 15.Qe1 cxd4
16.cxd4 Nxd4 17.Nxd4 Qb6 18.Kh1 Qxd4 19.Bb3 Bd7 20.Rc7 Be8 21.Qe2 Rd7 22.Rc4 Qe5
23.Qf2 b6 24.Ba4 Re7 25.Bxe8 Raxe8 26.Rd1 Rc7 27.Rxc7 Qxc7 28.h3 e5 29.Rd5 Kg7
30.Qb2 Qc4 31.Rxe5 Qf1+ 32.Kh2 Qf6 33.Rb5 Qxb2 34.Rxb2 Rxe4 35.g4 g5 36.Rb3 Kg6
37.Ra3 a5 38.Rd3 Rb4 39.a3 Re4 40.Rb3 Re6 41.a4 f6 42.Kg3 f5 43.gxf5+ Kxf5
44.Rb5+ Kf6 45.Kf3 h6 46.g3 Ke7 47.Rb3 Kd7 48.Kg4 Kc6 49.Kh5 Kc5 50.Rb5+ Kc6
51.Rb3 Kc5  1/2-1/2

[Event "2nd DOCA FIDE"]
[Site "Branchburg USA"]
[Date "2010.08.21"]
[Round "7"]
[White "Chen,Kevin"]
[Black "Grasso,D"]
[Result "0-1"]
[WhiteElo "2071"]
[BlackElo "2168"]

1.d4 Nf6 2.c4 g6 3.Nc3 d5 4.cxd5 Nxd5 5.e4 Nxc3 6.bxc3 Bg7 7.Bc4 c5 8.Ne2 Nc6
9.Be3 O-O 10.O-O Na5 11.Qd3 Qc7 12.d5 a6 13.a4 Bd7 14.Bf4 Be5 15.Bxe5 Qxe5
16.f4 Qc7 17.Ng3 b5 18.axb5 axb5 19.Ba2 c4 20.Qc2 f5 21.Rae1 Nb7 22.Bb1 Nc5
23.Qe2 e6 24.dxe6 Bxe6 25.exf5 Bxf5 26.Bxf5 gxf5 27.Qe5 Qxe5 28.Rxe5 Na4
29.Rf3 Rad8 30.Nxf5 Rd3 31.Rxd3 cxd3 32.Rd5 Rxf5 33.Rxd3 Rxf4  0-1

[Event "25th Open"]
[Site "Schwarzach AUT"]
[Date "2010.08.22"]
[Round "2"]
[White "Feige,M"]
[Black "Bochis,J"]
[Result "1-0"]
[WhiteElo "2402"]
[BlackElo "2122"]

1.d4 Nf6 2.c4 g6 3.Nc3 d5 4.cxd5 Nxd5 5.e4 Nxc3 6.bxc3 Bg7 7.Nf3 c5 8.Rb1 O-O
9.Be2 b6 10.O-O Bb7 11.Qd3 Ba6 12.Qe3 Qd7 13.Rb3 e6 14.Rd1 cxd4 15.cxd4 Rc8
16.Bxa6 Nxa6 17.Qe2 Nc7 18.h4 Ne8 19.h5 Nd6 20.hxg6 hxg6 21.Bf4 Nc4 22.Ng5 Qe7
23.e5 Qb7 24.Ne4 a6 25.Bg5 b5 26.Rh3 Rc7 27.Qg4 Kf8 28.Bf6  1-0

[Event "BDO Premier"]
[Site "Haarlem NED"]
[Date "2010.08.26"]
[Round "6"]
[White "Peng Zhaoqin"]
[Black "Bok,B"]
[Result "0-1"]
[WhiteElo "2403"]
[BlackElo "2449"]

1.d4 Nf6 2.c4 g6 3.Nc3 d5 4.cxd5 Nxd5 5.e4 Nxc3 6.bxc3 Bg7 7.Be3 c5 8.Rc1 Qa5
9.Qd2 O-O 10.Nf3 Rd8 11.d5 e6 12.Be2 exd5 13.exd5 Nc6 14.O-O Bg4 15.Rfd1 Bxf3
16.Bxf3 Ne5 17.c4 Nxf3+ 18.gxf3 Qc7 19.d6 Qc6 20.Qd5 Rac8 21.Bf4 Rd7 22.Qe4 Qxe4
23.fxe4 Re8 24.f3 Be5 25.Bg3 Bxg3 26.hxg3 Re6 27.Rd5 Rdxd6 28.Rxc5 Rd3 29.Rf1 Ra6
30.Rf2 Rda3 31.Rb5 b6 32.c5 bxc5 33.Rxc5 Rxa2 34.g4 R2a3 35.Kg2 Rb6 36.g5 a5
37.Kg3 a4 38.Ra5 Rbb3 39.Ra7 Ra1 40.Kf4 a3 41.Rd2 Rf1 42.Rd8+ Kg7 43.Raa8 Rfxf3+
44.Ke5 Rb5+ 45.Rd5 Rfb3 46.Rxb5 Rxb5+ 47.Kf4 Rb3 48.Ra7 Kf8 49.e5 Rb4+ 50.Kf3 Rh4
51.e6 fxe6 52.Kg3 Rh1 53.Rxa3 Rg1+ 54.Kh4 Ke7 55.Ra6 Kd7 56.Rb6 e5 57.Ra6 Ke7
58.Rb6 Rd1 59.Kg4 Rd4+ 60.Kf3 Rd6 61.Rb7+ Ke6 62.Rxh7 Kf5 63.Rf7+ Kxg5 64.Ke4 Rf6
65.Ra7 Rf5 66.Ra1 Kf6 67.Ra6+ Kg7 68.Ra1 Rh5 69.Rf1 Kh6 70.Rg1 Rf5 71.Rh1+ Kg5
72.Ra1 Kf6 73.Ra6+ Kf7 74.Ra7+ Kf6 75.Ra6+ Kg7 76.Ra1 Kh6 77.Rh1+ Rh5 78.Rg1 Rf5
79.Rh1+ Kg7 80.Ra1 Kf6 81.Ra6+ Kg5 82.Ra1 Rf2 83.Kxe5 Re2+ 84.Kd4 Kf4 85.Kd3 Re6
86.Rf1+ Kg3 87.Rg1+ Kf2 88.Rg5 Kf3 89.Rg1 Rd6+ 90.Kc4 Kf4 91.Rf1+ Ke3 92.Kc5 Rd8
93.Rg1 Rg8 94.Kd5 g5 95.Ke5 g4 96.Kf5 g3 97.Ke5  0-1

[Event "ch-RUS Higher League"]
[Site "Irkutsk RUS"]
[Date "2010.08.26"]
[Round "1"]
[White "Khismatullin,D"]
[Black "Gabrielian,A"]
[Result "1-0"]
[WhiteElo "2667"]
[BlackElo "2559"]

1.d4 Nf6 2.c4 g6 3.Nc3 d5 4.cxd5 Nxd5 5.e4 Nxc3 6.bxc3 Bg7 7.Nf3 c5 8.Be3 Qa5
9.Qd2 O-O 10.Rc1 e6 11.Bh6 Nc6 12.h4 cxd4 13.Bxg7 Kxg7 14.cxd4 Qxd2+ 15.Kxd2 Rd8
16.Ke3 Bd7 17.g4 f5 18.h5 fxg4 19.h6+ Kf6 20.e5+ Ke7 21.Ng5 Nxd4 22.Rc7 Nf5+
23.Kf4 Rac8 24.Rxc8 Rxc8 25.Nxh7 g3 26.fxg3 Rc1 27.Nf6 Nxh6 28.Nxd7 Nf7 29.Nf6 g5+
30.Kg4 Ra1 31.Ne4 a5 32.Nxg5 Nxe5+ 33.Kf4 Ng6+ 34.Ke3 Rxa2 35.Rh7+ Kd6 36.Rxb7 Kc6
37.Rb1 Ra3+ 38.Kf2 Ne5 39.Bg2+ Kd6 40.Rb6+ Kc5 41.Rb1 Nd3+ 42.Ke2 Kc4 43.Bf1 Nc5
44.Kf2+ Kd5 45.Rd1+ Ke5 46.Rc1 Ra2+ 47.Kf3 Nb3 48.Rd1 a4 49.Ke3 Rb2 50.Nf7+ Kf6
51.Nd6 Rc2 52.Nb5 Rc5 53.Rd8 Re5+ 54.Kf2 Rf5+ 55.Kg2 Rc5 56.Ra8 Rc2+ 57.Kh3 Rc1
58.Be2 Ra1 59.Bc4 Nd2 60.Bd3 Nb3 61.Bc2 Rc1 62.Na3 Nd4 63.Bxa4 Nf5 64.Bc2 Nd4
65.Rf8+ Kg7 66.Rf2 e5 67.Kg4 Re1 68.Bf5 e4 69.Rf4 Re3 70.Nc4 Rxg3+ 71.Kxg3 Ne2+
72.Kg4 Nxf4 73.Kxf4 Kf6 74.Ne3 Kg7 75.Kxe4 Kf6 76.Kf4 Kf7 77.Nd5 Kg7 78.Kg5 Kf7
79.Bg4 Kg7 80.Be6 Kh7 81.Kf6 Kh8 82.Bf5 Kg8 83.Ne3 Kh8 84.Nc4 Kg8 85.Ne5 Kf8
86.Be6 Ke8 87.Bf7+ Kd8 88.Ke6 Kc7  1-0

[Event "Open"]
[Site "Baku AZE"]
[Date "2010.08.27"]
[Round "5"]
[White "Nigalidze,G"]
[Black "Mammadova,G"]
[Result "1/2-1/2"]
[WhiteElo "2478"]
[BlackElo "2260"]

1.d4 Nf6 2.c4 g6 3.Nc3 d5 4.cxd5 Nxd5 5.e4 Nxc3 6.bxc3 Bg7 7.Bc4 c5 8.Ne2 Nc6
9.Be3 O-O 10.O-O Bg4 11.f3 Na5 12.Bd3 cxd4 13.cxd4 Be6 14.d5 Bxa1 15.Qxa1 f6
16.Bh6 Re8 17.Nf4 Bf7 18.e5 Bxd5 19.Qb1 Bc4 20.Bxg6 Qb6+ 21.Qxb6 axb6 22.Bxe8 Bxf1
23.Bh5 Bc4 24.e6 Nc6 25.Bf7+ Kh8 26.Nh5 Rg8 27.Bxg8 Kxg8 28.a3 Bxe6 29.Be3 b5
30.Bc5 Kf7 31.Kf2 Bc4 32.Ke3  1/2-1/2

[Event "PK NBSB"]
[Site "Roosendaal NED"]
[Date "2010.08.27"]
[Round "1"]
[White "Miedema,David"]
[Black "Van Weersel,A"]
[Result "1/2-1/2"]
[WhiteElo "2414"]
[BlackElo "2171"]

1.d4 Nf6 2.c4 g6 3.Nc3 d5 4.cxd5 Nxd5 5.e4 Nxc3 6.bxc3 Bg7 7.Bc4 c5 8.Ne2 O-O
9.O-O Nc6 10.Be3 cxd4 11.cxd4 b6 12.Rc1 Bb7 13.Qa4 a6 14.Qa3 b5 15.Bd5 Qd7
16.Bxc6 Bxc6 17.d5 Bb7 18.Nd4 a5 19.Qc5 b4 20.Nc6 Bxc6 21.dxc6 Qe6 22.Rc4 Be5
23.Rd1 Rfc8 24.Rd5 Bd6 25.Qd4 Bc7 26.Rd7 a4 27.Rxb4 Qxc6 28.g3 Be5 29.Qd5 Qxd5
30.Rxd5 Bd6 31.Rbb5 f6 32.Bc5 Bxc5 33.Rdxc5 Rxc5 34.Rxc5 Rb8 35.Rc4 Ra8 36.Kg2 Kf7
37.Kf3 h5 38.h4 g5 39.Ke3 a3 40.Rc3 Ra4 41.Rc5 Kg6 42.f3 Rb4 43.Ra5 Rb2 44.Rxa3 Rg2
45.hxg5 fxg5 46.Ra6+ Kg7 47.Ra7 h4 48.gxh4 gxh4 49.Rxe7+ Kg6 50.Re8 Kg7 51.Re5 Kg6
52.f4 h3 53.Kf3 Rxa2 54.Rg5+ Kh6 55.Rg8 Kh7 56.Rg4 Ra3+ 57.Kf2 Ra4 58.f5 Kh6
59.Kf3 Kh5 60.Rg8 Ra3+ 61.Kf4 Kh6 62.f6 h2 63.Rh8+ Kg6 64.e5 Ra4+ 65.Kg3 Re4
66.Rg8+ Kf7 67.Rg7+ Kf8  1/2-1/2

[Event "25th Open"]
[Site "Schwarzach AUT"]
[Date "2010.08.27"]
[Round "7"]
[White "Bodiroga,P"]
[Black "Kleiser,G"]
[Result "1/2-1/2"]
[WhiteElo "2406"]
[BlackElo "2258"]

1.d4 Nf6 2.c4 g6 3.Nc3 d5 4.cxd5 Nxd5 5.e4 Nxc3 6.bxc3 Bg7 7.Nf3 c5 8.Be3 Nc6
9.Qd2 Qa5 10.Rb1 cxd4 11.cxd4 Qxd2+ 12.Kxd2 O-O 13.d5 Rd8 14.Bd3 Na5 15.Bf4 b6
16.Bg5 f6 17.Bf4 e6 18.Bc7 Rd7 19.d6 Bb7 20.Ke2 Rc8 21.Bb5 Rdxc7 22.dxc7 Rxc7
23.Rbc1 Nc6 24.Bxc6 Rxc6 25.Rxc6 Bxc6 26.Rc1 Bxe4 27.Rc8+ Bf8 28.Nd4 Bd5
29.a4 h5 30.f3 g5 31.Ke3 a6 32.Nc6 Kg7 33.Rc7+ Kg6 34.Ne7+ Bxe7 35.Rxe7 e5
36.Ra7 a5 37.Ra6 Bb3 38.Rxb6 Bxa4 39.Ra6 h4 40.Rxa5 Bb3 41.Rb5 Bc4 42.Rb4 Bf1
43.Rb2 Kf5 44.Kf2 Bc4 45.Rb4 Bd3 46.Rb8 Bc4 47.Rc8 Bd3 48.Rc1 Bb5 49.Ke3 Ba6
50.g4+ hxg3 51.hxg3 Bb7 52.Rc7 Bd5 53.Re7 Bc6 54.Rc7 Bd5 55.Kf2 Kg6 56.Rc3 Kf5
57.g4+ Ke6 58.Re3 Bc4 59.Ke1 Bd5 60.Kd2 Bc4 61.Kc3 Bd5 62.Kb4 f5 63.Kc5 e4
64.Kd4 Kd6 65.fxe4 Bxe4 66.Rh3 Ke7 67.Rh6 Bc2 68.Rh2 Ba4 69.Rh7+ Kf6 70.Ra7 Bc2
71.Ra6+ Ke7 72.Rc6 Ba4 73.Rg6 fxg4 74.Ke5 g3 75.Rxg5 Kf7 76.Rxg3 Bc2 77.Rc3 Bb1
78.Rc7+ Kg6 79.Rc6+ Kg7 80.Rb6 Bh7 81.Rb7+ Kh8 82.Kf6 Bg8 83.Rg7 Bh7 84.Kf7 Bb1
85.Rg8+ Kh7 86.Rg2 Kh8 87.Rg8+ Kh7 88.Rg1 Ba2+ 89.Kf6 Kh8 90.Kg6 Bb3 91.Rh1+ Kg8
92.Rc1 Kh8 93.Rc7 Bg8 94.Rb7 Bc4 95.Rh7+ Kg8 96.Rc7 Bd3+ 97.Kf6 Kh8 98.Rc8+ Kh7
99.Rc3 Bb1 100.Rb3 Bc2 101.Rb7+ Kh8 102.Kf7 Bd3 103.Rb4 Bc2 104.Rh4+ Bh7
105.Kf8  1/2-1/2

[Event "7th Open"]
[Site "Kalamaria GRE"]
[Date "2010.08.28"]
[Round "4"]
[White "Gavrilidis,G"]
[Black "Nikolaidis,I"]
[Result "1/2-1/2"]
[WhiteElo "2126"]
[BlackElo "2493"]

1.d4 Nf6 2.c4 g6 3.Nc3 d5 4.cxd5 Nxd5 5.e4 Nxc3 6.bxc3 Bg7 7.Bc4 c5 8.Ne2 Nc6
9.Be3 O-O 10.O-O Qc7 11.Rc1 b6 12.Qd2 Bb7 13.Bh6 e6 14.Bxg7 Kxg7 15.Qe3 Rad8
16.Rfd1 Qd6 17.h4 h6 18.h5 g5 19.e5 Qe7 20.Ng3 Na5 21.Bd3 c4 22.Be4 f5 23.exf6+ Qxf6
24.Bxb7 Nxb7 25.Re1 Nd6 26.Rc2 Rde8 27.Ne4 Nxe4 28.Qxe4 Qf7 29.Qe5+ Kg8 30.Rce2 Qxh5
31.d5 exd5 32.Qxe8 Rxe8 33.Rxe8+ Kf7 34.R1e7+ Kf6 35.Re6+ Kf5 36.Re5+ Kf6
37.R5e6+ Kf5 38.Re5+ Kf4 39.Re3 Qd1+ 40.Kh2 Qh5+ 41.Kg1 Qd1+ 42.Kh2  1/2-1/2

[Event "ch-RUS Higher League w"]
[Site "St Petersburg RUS"]
[Date "2010.08.28"]
[Round "3"]
[White "Romanko,M"]
[Black "Kharashuta,E"]
[Result "1-0"]
[WhiteElo "2411"]
[BlackElo "2298"]

1.d4 Nf6 2.c4 g6 3.Nc3 d5 4.cxd5 Nxd5 5.e4 Nxc3 6.bxc3 Bg7 7.Bc4 c5 8.Ne2 O-O
9.O-O Nc6 10.Be3 Qc7 11.Rc1 Rd8 12.Bd3 e5 13.d5 Ne7 14.c4 f5 15.exf5 gxf5
16.f3 Rd6 17.Rb1 Bd7 18.Qb3 b6 19.a4 Rg6 20.Kh1 Rf8 21.a5 Nc8 22.axb6 axb6
23.Nc3 Qd8 24.Nb5 Qh4 25.f4 Rh6 26.h3 Qg3 27.Bg1 Rg6 28.Rf2 exf4 29.Qc2 Bxb5
30.cxb5 Nd6 31.Bh2 Qh4 32.Rxf4 Qg5 33.Rbf1 Be5 34.R4f3 Bxh2 35.Kxh2 c4 36.Bxf5 Rxf5
37.Rxf5 Nxf5 38.Rxf5 Qg3+ 39.Kh1 Qe1+ 40.Kh2 Qg3+ 41.Kg1 Qxh3 42.Qe4 Qa3
43.Qxc4 Qc5+ 44.Qxc5 bxc5 45.Kf2 Rb6 46.Ke3 Rxb5 47.d6 Rb8 48.Ke4 c4 49.Rc5 Kf7
50.Kf5 c3 51.Rc7+ Ke8 52.Ke6 Kf8 53.Rxc3 Re8+ 54.Kf6  1-0

[Event "ch-RUS Higher League"]
[Site "Irkutsk RUS"]
[Date "2010.08.30"]
[Round "5"]
[White "Zakhartsov,Vi"]
[Black "Kurnosov,I"]
[Result "0-1"]
[WhiteElo "2608"]
[BlackElo "2662"]

1.d4 Nf6 2.c4 g6 3.Nc3 d5 4.cxd5 Nxd5 5.e4 Nxc3 6.bxc3 Bg7 7.Nf3 c5 8.Be3 Qa5
9.Qd2 O-O 10.Rc1 Rd8 11.d5 Nc6 12.h4 e6 13.h5 exd5 14.hxg6 hxg6 15.exd5 Bg4
16.Ng5 Rxd5 17.Qxd5 Bxc3+ 18.Rxc3 Qxc3+ 19.Qd2 Rd8 20.f3 Rxd2 21.Bxd2 Qa1+
22.Kf2 Qxa2 23.Ke3 Bf5 24.g4 Ne7 25.Rh2 Nd5+ 26.Ke2 c4 27.gxf5 c3 28.Ne4 cxd2
29.Nxd2 Qa6+ 30.Kf2 Qb6+ 31.Ke1 Qc7 32.Re2 Nf4 33.Re8+ Kg7 34.Kd1 Qd7 35.Re4 Qxf5
36.Bc4 b5 37.Bb3 Qf6 38.Rb4 Qa1+ 39.Kc2 Ne2 40.Re4 Qc3+ 41.Kd1 Nd4 42.Ke1  0-1